[Event "DVM U16 2023"]
[Site "Magdeburg GER"]
[Date "2023.12.29"]
[Round "6"]
[White "Nönnig, Jakob"]
[Black "Schmidt, Tobias"]
[Result "1/2-1/2"]
[Termination "normal"]
[Board "2.4"]
[WhiteElo "1789"]
[BlackElo "1618"]
[WhiteClock "00:12:34"]
[BlackClock "00:09:04"]
[WhiteTeam "Schachzwerge Magdeburg"]
[BlackTeam "SV Empor Berlin"]
[PlyCount "133"]
[WhiteFideId "16289447"]
[BlackFideId "16254376"]
[EventCountry "GER"]
[EventRounds "7"]
[EventType "team-swiss"]
[EventDate "2023.12.26"]

1. e4 {[%clk 01:30:58]} {[%emt 00:00:01]} c6 {[%clk 01:30:56]} {[%emt
00:00:04]} 2. Nc3 {[%clk 01:31:22]} {[%emt 00:00:06]} d5 {[%clk 01:27:21]}
{[%emt 00:04:06]} 3. Nf3 {[%clk 01:31:37]} {[%emt 00:00:14]} dxe4 {[%clk
01:22:57]} {[%emt 00:04:54]} 4. Nxe4 {[%clk 01:32:03]} {[%emt 00:00:04]} Nf6
{[%clk 01:22:23]} {[%emt 00:01:05]} 5. Qe2 {[%clk 01:32:27]} {[%emt 00:00:06]}
e6 {[%clk 01:22:14]} {[%emt 00:00:38]} 6. d4 {[%clk 01:31:11]} {[%emt
00:01:46]} Be7 {[%clk 01:21:26]} {[%emt 00:01:19]} 7. Bd2 {[%clk 01:22:51]}
{[%emt 00:08:49]} O-O {[%clk 01:20:22]} {[%emt 00:01:34]} 8. O-O-O {[%clk
01:22:53]} {[%emt 00:00:28]} b6 {[%clk 01:18:32]} {[%emt 00:02:20]} 9. Nxf6+
{[%clk 01:13:49]} {[%emt 00:09:34]} Bxf6 {[%clk 01:18:53]} {[%emt 00:00:09]}
10. Qe3 {[%clk 01:13:51]} {[%emt 00:00:26]} Bb7 {[%clk 01:06:02]} {[%emt
00:13:24]} 11. Bd3 {[%clk 01:10:53]} {[%emt 00:03:27]} Nd7 {[%clk 01:00:08]}
{[%emt 00:06:24]} 12. Bc3 {[%clk 00:59:31]} {[%emt 00:11:52]} Qc7 {[%clk
00:50:12]} {[%emt 00:10:27]} 13. g4 {[%clk 00:48:59]} {[%emt 00:11:02]} g6
{[%clk 00:44:14]} {[%emt 00:06:28]} 14. h4 {[%clk 00:47:08]} {[%emt 00:02:20]}
Rfe8 {[%clk 00:41:02]} {[%emt 00:03:43]} 15. Rde1 {[%clk 00:38:09]} {[%emt
00:09:28]} c5 {[%clk 00:32:54]} {[%emt 00:08:39]} 16. Be4 {[%clk 00:37:21]}
{[%emt 00:01:17]} cxd4 {[%clk 00:30:42]} {[%emt 00:02:42]} 17. Nxd4 {[%clk
00:36:33]} {[%emt 00:01:17]} Bxe4 18. Qxe4 {[%clk 00:36:48]} e5 {[%clk
00:23:08]} 19. Nb5 {[%clk 00:32:00]} Qc5 {[%clk 00:22:48]} 20. a4 {[%clk
00:30:35]} Rec8 {[%clk 00:14:59]} 21. g5 {[%clk 00:27:51]} Bh8 {[%clk
00:14:31]} 22. h5 {[%clk 00:25:01]} a6 {[%clk 00:13:54]} 23. hxg6 {[%clk
00:02:15]} {[%emt 00:21:07]} fxg6 {[%clk 00:13:17]} {[%emt 00:01:08]} 24. Qh4
{[%clk 00:01:53]} {[%emt 00:00:52]} Nf8 {[%clk 00:12:53]} {[%emt 00:00:54]} 25.
Na3 {[%clk 00:02:04]} {[%emt 00:00:19]} Ra7 {[%clk 00:10:49]} {[%emt 00:02:33]}
26. Qe4 {[%clk 00:01:31]} {[%emt 00:01:04]} Ne6 {[%clk 00:05:26]} {[%emt
00:05:53]} 27. Bxe5 {[%clk 00:00:48]} {[%emt 00:01:13]} Nxg5 {[%clk 00:05:00]}
{[%emt 00:00:55]} 28. Qf4 {[%clk 00:00:39]} {[%emt 00:00:39]} Ne6 {[%clk
00:03:38]} {[%emt 00:01:52]} 29. Qg3 {[%clk 00:00:43]} {[%emt 00:00:24]} Nd4
{[%clk 00:02:53]} {[%emt 00:01:18]} 30. Bxd4 {[%clk 00:00:51]} {[%emt
00:00:22]} Bxd4 {[%clk 00:02:40]} {[%emt 00:00:43]} 31. Qb3+ {[%clk 00:01:20]}
Kh8 {[%clk 00:02:18]} {[%emt 00:00:51]} 32. Qe6 {[%clk 00:01:15]} {[%emt
00:00:35]} Rg7 {[%clk 00:01:59]} {[%emt 00:00:49]} 33. Rh2 {[%clk 00:01:21]}
{[%emt 00:00:25]} Rf8 {[%clk 00:02:00]} {[%emt 00:00:29]} 34. Rf1 {[%clk
00:00:39]} {[%emt 00:01:12]} Qb4 {[%clk 00:00:45]} {[%emt 00:01:45]} 35. Qa2
{[%clk 00:00:36]} {[%emt 00:00:34]} Bxf2 {[%clk 00:00:44]} {[%emt 00:00:30]}
36. Kb1 {[%clk 00:00:49]} {[%emt 00:00:17]} Rgf7 {[%clk 00:00:59]} {[%emt
00:00:16]} 37. Ka1 {[%clk 00:00:34]} {[%emt 00:00:45]} Rf6 {[%clk 00:00:38]}
{[%emt 00:00:50]} 38. Rfh1 {[%clk 00:00:47]} {[%emt 00:00:17]} Qe7 {[%clk
00:00:41]} {[%emt 00:00:28]} 39. Rxh7+ {[%clk 00:00:44]} {[%emt 00:00:33]} Qxh7
{[%clk 00:00:54]} {[%emt 00:00:16]} 40. Rxh7+ {[%clk 00:01:10]} {[%emt
00:00:04]} Kxh7 {[%clk 00:01:19]} {[%emt 00:00:05]} 41. Qd5 {[%clk 00:00:49]}
{[%emt 00:00:50]} a5 {[%clk 00:01:02]} {[%emt 00:00:48]} 42. Nc4 {[%clk
00:30:11]} {[%emt 00:01:08]} Bc5 {[%clk 00:30:20]} {[%emt 00:01:12]} 43. Ne5
{[%clk 00:28:52]} {[%emt 00:01:48]} Rf1+ {[%clk 00:20:40]} {[%emt 00:10:10]}
44. Ka2 {[%clk 00:28:38]} {[%emt 00:00:45]} Re8 {[%clk 00:15:51]} {[%emt
00:05:19]} 45. Qd7+ {[%clk 00:21:01]} {[%emt 00:08:07]} Re7 {[%clk 00:15:25]}
{[%emt 00:00:56]} 46. Qh3+ {[%clk 00:21:23]} {[%emt 00:00:08]} Kg7 {[%clk
00:15:03]} {[%emt 00:00:52]} 47. Qxf1 {[%clk 00:21:22]} {[%emt 00:00:31]} Rxe5
{[%clk 00:15:23]} {[%emt 00:00:09]} 48. Qf4 {[%clk 00:21:34]} {[%emt 00:00:15]}
Rf5 {[%clk 00:15:25]} {[%emt 00:00:32]} 49. Qe4 {[%clk 00:20:44]} {[%emt
00:01:16]} Kh6 {[%clk 00:14:08]} {[%emt 00:01:50]} 50. Qh4+ {[%clk 00:20:24]}
{[%emt 00:00:49]} Kg7 {[%clk 00:13:24]} {[%emt 00:01:15]} 51. Qe4 {[%clk
00:20:48]} {[%emt 00:00:07]} Rf6 {[%clk 00:13:23]} {[%emt 00:00:31]} 52. Qe5
{[%clk 00:21:01]} {[%emt 00:00:15]} Kf7 {[%clk 00:12:44]} {[%emt 00:01:10]} 53.
Qd5+ {[%clk 00:20:39]} {[%emt 00:00:52]} Ke7 {[%clk 00:12:32]} {[%emt
00:00:42]} 54. Qe5+ {[%clk 00:20:44]} {[%emt 00:00:24]} Re6 {[%clk 00:12:30]}
{[%emt 00:00:33]} 55. Qg5+ {[%clk 00:20:56]} {[%emt 00:00:18]} Kd6 {[%clk
00:12:19]} {[%emt 00:00:42]} 56. Qg3+ {[%clk 00:19:44]} {[%emt 00:01:40]} Kd7
{[%clk 00:12:18]} {[%emt 00:00:33]} 57. Qg4 {[%clk 00:19:12]} {[%emt 00:01:01]}
Be3 {[%clk 00:12:22]} {[%emt 00:00:27]} 58. Kb3 {[%clk 00:18:46]} {[%emt
00:00:56]} g5 {[%clk 00:12:03]} {[%emt 00:00:48]} 59. Kc4 {[%clk 00:18:39]}
{[%emt 00:00:37]} Kd6 {[%clk 00:11:57]} {[%emt 00:00:36]} 60. Qf5 {[%clk
00:18:48]} {[%emt 00:00:21]} Bf4 {[%clk 00:11:15]} {[%emt 00:01:12]} 61. Kd4
{[%clk 00:16:34]} {[%emt 00:02:44]} Bc1 {[%clk 00:08:27]} {[%emt 00:03:19]} 62.
b3 {[%clk 00:13:03]} {[%emt 00:04:01]} Be3+ {[%clk 00:08:41]} {[%emt 00:00:16]}
63. Kc4 {[%clk 00:13:12]} {[%emt 00:00:20]} Re5 {[%clk 00:08:04]} {[%emt
00:01:08]} 64. Qf6+ {[%clk 00:13:15]} {[%emt 00:00:26]} Re6 {[%clk 00:08:20]}
{[%emt 00:00:15]} 65. Qf5 {[%clk 00:13:02]} {[%emt 00:00:42]} Re5 {[%clk
00:08:41]} {[%emt 00:00:10]} 66. Qf6+ {[%clk 00:12:18]} {[%emt 00:01:13]} Re6
{[%clk 00:09:04]} {[%emt 00:00:07]} 67. Qf5 {[%clk 00:12:34]} {[%emt 00:00:14]}
1/2-1/2

[Event "DVM U16 2023"]
[Site "Magdeburg GER"]
[Date "2023.12.29"]
[Round "6"]
[White "Bungarten, Jona"]
[Black "Reus, Nicholas"]
[Result "1/2-1/2"]
[Termination "normal"]
[Board "3.1"]
[WhiteElo "2085"]
[BlackElo "1742"]
[WhiteClock "00:42:27"]
[BlackClock "00:00:40"]
[WhiteTeam "SF Brackel 1930"]
[BlackTeam "Stuttgarter SF 1879"]
[PlyCount "73"]
[WhiteFideId "16223608"]
[BlackFideId "34612424"]
[EventCountry "GER"]
[EventRounds "7"]
[EventType "team-swiss"]
[EventDate "2023.12.26"]

1. e4 {[%clk 01:30:59]} {[%emt 00:00:01]} c6 {[%clk 01:30:52]} {[%emt
00:00:08]} 2. d4 {[%clk 01:31:27]} {[%emt 00:00:02]} d5 {[%clk 01:31:14]}
{[%emt 00:00:07]} 3. exd5 {[%clk 01:31:48]} {[%emt 00:00:09]} cxd5 {[%clk
01:31:38]} {[%emt 00:00:06]} 4. c4 {[%clk 01:32:15]} {[%emt 00:00:04]} Nf6
{[%clk 01:32:04]} {[%emt 00:00:04]} 5. Nc3 {[%clk 01:32:39]} {[%emt 00:00:06]}
Nc6 {[%clk 01:32:28]} {[%emt 00:00:06]} 6. Bg5 {[%clk 01:33:05]} {[%emt
00:00:03]} e6 {[%clk 01:21:07]} {[%emt 00:11:52]} 7. Nf3 {[%clk 01:33:27]}
{[%emt 00:00:08]} Be7 {[%clk 01:21:14]} {[%emt 00:00:23]} 8. Bd3 {[%clk
01:33:48]} {[%emt 00:00:08]} O-O {[%clk 01:20:32]} {[%emt 00:01:12]} 9. O-O
{[%clk 01:34:08]} {[%emt 00:00:10]} Nb4 {[%clk 01:19:20]} {[%emt 00:01:43]} 10.
Be2 {[%clk 01:34:01]} {[%emt 00:00:36]} dxc4 {[%clk 01:18:45]} {[%emt
00:01:05]} 11. Bxc4 {[%clk 01:31:05]} {[%emt 00:03:27]} b6 {[%clk 01:15:33]}
{[%emt 00:03:41]} 12. Re1 {[%clk 01:30:30]} {[%emt 00:01:06]} Bb7 {[%clk
01:14:43]} {[%emt 00:01:20]} 13. Ne5 {[%clk 01:30:17]} {[%emt 00:00:43]} Nbd5
{[%clk 01:13:35]} {[%emt 00:01:38]} 14. Rc1 {[%clk 01:30:16]} {[%emt 00:00:30]}
Rc8 {[%clk 01:11:38]} {[%emt 00:02:25]} 15. Qf3 {[%clk 01:23:44]} {[%emt
00:07:04]} Nxc3 {[%clk 00:55:16]} {[%emt 00:16:53]} 16. Qxb7 {[%clk 01:24:06]}
{[%emt 00:00:07]} Rc7 {[%clk 00:54:34]} {[%emt 00:01:11]} 17. Qf3 {[%clk
01:21:22]} {[%emt 00:03:15]} Ncd5 {[%clk 00:52:57]} {[%emt 00:02:07]} 18. Bb3
{[%clk 01:20:41]} {[%emt 00:01:11]} h6 {[%clk 00:50:07]} {[%emt 00:03:21]} 19.
Bd2 {[%clk 01:19:27]} {[%emt 00:01:43]} Bd6 {[%clk 00:37:24]} {[%emt 00:13:13]}
20. a3 {[%clk 01:18:24]} {[%emt 00:01:31]} Qe7 {[%clk 00:36:46]} {[%emt
00:01:09]} 21. Nc4 {[%clk 01:15:19]} {[%emt 00:03:36]} Rfc8 {[%clk 00:36:06]}
{[%emt 00:01:06]} 22. g4 {[%clk 01:10:27]} {[%emt 00:05:26]} b5 {[%clk
00:29:42]} {[%emt 00:06:54]} 23. Nxd6 {[%clk 01:09:23]} {[%emt 00:01:35]} Qxd6
{[%clk 00:29:52]} {[%emt 00:00:19]} 24. Rcd1 {[%clk 01:08:56]} {[%emt
00:00:56]} Rd7 {[%clk 00:28:39]} {[%emt 00:01:33]} 25. h4 {[%clk 01:06:02]}
{[%emt 00:03:35]} Ne8 {[%clk 00:17:23]} {[%emt 00:11:47]} 26. g5 {[%clk
01:02:44]} {[%emt 00:03:48]} hxg5 {[%clk 00:17:44]} {[%emt 00:00:09]} 27. hxg5
{[%clk 01:03:12]} {[%emt 00:00:02]} g6 {[%clk 00:17:52]} {[%emt 00:00:20]} 28.
Re4 {[%clk 01:00:43]} {[%emt 00:03:00]} Ng7 {[%clk 00:17:28]} {[%emt 00:00:54]}
29. Rh4 {[%clk 00:56:32]} {[%emt 00:35:24]} Nh5 {[%clk 00:17:12]} 30. Re1
{[%clk 00:56:11]} Ne7 {[%clk 00:15:08]} 31. Ree4 {[%clk 00:55:14]} Nf5 {[%clk
00:13:38]} 32. Rxh5 gxh5 {[%clk 00:13:54]} 33. Bc3 {[%clk 00:51:41]} Rxc3 34.
Qxc3 {[%clk 00:48:43]} Nxd4 {[%clk 00:11:41]} 35. Bd1 {[%clk 00:47:09]} Qd5
{[%clk 00:10:55]} 36. Bxh5 {[%clk 00:42:06]} Qxe4 {[%clk 00:00:40]} {[%emt
00:08:01]} 37. Qc8+ {[%clk 00:42:27]} {[%emt 00:00:09]} 1/2-1/2

[Event "DVM U16 2023"]
[Site "Magdeburg GER"]
[Date "2023.12.29"]
[Round "6"]
[White "Tomasjan, Samuel"]
[Black "Nunez Grégoire, Daniel"]
[Result "1-0"]
[Termination "normal"]
[Board "3.3"]
[WhiteElo "1955"]
[BlackElo "1708"]
[WhiteClock "00:02:59"]
[BlackClock "00:52:16"]
[WhiteTeam "SF Brackel 1930"]
[BlackTeam "Stuttgarter SF 1879"]
[PlyCount "89"]
[WhiteFideId "16235584"]
[BlackFideId "34627103"]
[EventCountry "GER"]
[EventRounds "7"]
[EventType "team-swiss"]
[EventDate "2023.12.26"]

1. e4 {[%clk 01:30:58]} {[%emt 00:00:01]} e5 {[%clk 01:30:54]} {[%emt
00:00:06]} 2. f4 {[%clk 01:31:04]} {[%emt 00:00:23]} d5 {[%clk 01:31:18]}
{[%emt 00:00:06]} 3. exd5 {[%clk 01:31:31]} {[%emt 00:00:04]} exf4 {[%clk
01:31:43]} {[%emt 00:00:05]} 4. Nf3 {[%clk 01:31:57]} {[%emt 00:00:04]} Nf6
{[%clk 01:32:07]} {[%emt 00:00:07]} 5. Nc3 {[%clk 01:32:23]} {[%emt 00:00:04]}
Nxd5 {[%clk 01:32:12]} {[%emt 00:00:24]} 6. Nxd5 {[%clk 01:32:47]} {[%emt
00:00:06]} Qxd5 {[%clk 01:32:36]} {[%emt 00:00:05]} 7. d4 {[%clk 01:33:13]}
{[%emt 00:00:05]} Bd6 {[%clk 01:32:14]} {[%emt 00:00:51]} 8. c4 {[%clk
01:33:26]} {[%emt 00:00:18]} Qe4+ {[%clk 01:32:00]} {[%emt 00:00:43]} 9. Kf2
{[%clk 01:33:46]} {[%emt 00:00:11]} O-O {[%clk 01:30:52]} {[%emt 00:01:37]} 10.
Bd3 {[%clk 01:33:37]} {[%emt 00:00:40]} Qe8 {[%clk 01:28:15]} {[%emt 00:03:07]}
11. Re1 {[%clk 01:31:31]} {[%emt 00:02:36]} Qd8 {[%clk 01:28:08]} {[%emt
00:00:36]} 12. c5 {[%clk 01:29:39]} {[%emt 00:02:23]} Be7 {[%clk 01:28:17]}
{[%emt 00:00:21]} 13. Bxf4 {[%clk 01:29:30]} {[%emt 00:00:39]} Bf6 {[%clk
01:28:02]} {[%emt 00:00:44]} 14. Be4 {[%clk 01:19:14]} {[%emt 00:10:46]} c6
{[%clk 01:27:37]} {[%emt 00:00:55]} 15. Qd3 {[%clk 01:15:30]} {[%emt 00:04:14]}
g6 {[%clk 01:27:36]} {[%emt 00:00:31]} 16. Bd6 {[%clk 00:58:40]} {[%emt
00:17:20]} Re8 {[%clk 01:27:25]} {[%emt 00:00:41]} 17. Re3 {[%clk 00:50:36]}
{[%emt 00:08:34]} Be6 {[%clk 01:26:58]} {[%emt 00:00:57]} 18. Rae1 {[%clk
00:43:08]} {[%emt 00:07:59]} Be7 {[%clk 01:25:43]} {[%emt 00:01:44]} 19. d5
{[%clk 00:39:14]} {[%emt 00:04:25]} cxd5 {[%clk 01:24:18]} {[%emt 00:01:54]}
20. Bxd5 {[%clk 00:38:35]} {[%emt 00:01:09]} Bxd6 {[%clk 01:24:27]} {[%emt
00:00:21]} 21. cxd6 {[%clk 00:37:43]} {[%emt 00:01:22]} Nc6 {[%clk 01:22:46]}
{[%emt 00:02:11]} 22. Bxe6 {[%clk 00:36:55]} {[%emt 00:01:19]} fxe6 {[%clk
01:22:33]} {[%emt 00:00:43]} 23. Rxe6 {[%clk 00:36:32]} {[%emt 00:00:54]} Rxe6
{[%clk 01:16:50]} {[%emt 00:06:12]} 24. Rxe6 {[%clk 00:36:43]} {[%emt
00:00:19]} Qd7 {[%clk 01:15:21]} {[%emt 00:01:58]} 25. Qd5 {[%clk 00:27:41]}
{[%emt 00:09:32]} Qf7 {[%clk 01:13:11]} {[%emt 00:02:40]} 26. Qe4 {[%clk
00:26:57]} {[%emt 00:01:14]} Rf8 {[%clk 01:07:44]} {[%emt 00:05:57]} 27. b4
{[%clk 00:23:24]} {[%emt 00:04:03]} Nd4 {[%clk 01:01:36]} {[%emt 00:06:38]} 28.
Re7 {[%clk 00:23:30]} {[%emt 00:00:24]} Qxa2+ {[%clk 01:01:44]} {[%emt
00:00:22]} 29. Kg1 {[%clk 00:16:33]} {[%emt 00:07:28]} Qa1+ {[%clk 00:57:49]}
{[%emt 00:35:00]} 30. Ne1 {[%clk 00:15:51]} Nc2 {[%clk 00:57:11]} 31. d7 {[%clk
00:10:29]} Qd4+ {[%clk 00:57:05]} 32. Qxd4 Nxd4 {[%clk 00:57:30]} 33. b5 {[%clk
00:09:22]} Ne6 {[%clk 00:54:26]} 34. Rxe6 {[%clk 00:09:38]} Kf7 {[%clk
00:54:38]} 35. Re3 {[%clk 00:08:37]} Rd8 {[%clk 00:54:30]} 36. Nf3 {[%clk
00:08:32]} Kf6 {[%clk 00:54:22]} 37. Ne5 {[%clk 00:08:37]} a5 {[%clk 00:53:04]}
38. bxa6 {[%clk 00:06:27]} bxa6 {[%clk 00:53:26]} 39. Kf2 {[%clk 00:06:28]} a5
{[%clk 00:53:24]} 40. Ke2 {[%clk 00:06:32]} a4 {[%clk 00:53:37]} 41. Kd2 {[%clk
00:06:31]} a3 {[%clk 00:53:20]} 42. Kc2 {[%clk 00:06:41]} a2 {[%clk 00:53:03]}
43. Kb2 {[%clk 00:06:38]} Ra8 {[%clk 00:52:42]} 44. Ka1 {[%clk 00:04:22]}
{[%emt 00:01:13]} Ke6 {[%clk 00:52:16]} {[%emt 00:00:56]} 45. Rc3 {[%clk
00:02:59]} {[%emt 00:01:53]} 1-0

[Event "DVM U16 2023"]
[Site "Magdeburg GER"]
[Date "2023.12.29"]
[Round "6"]
[White "Gotfried, Elias"]
[Black "Kasapchuk, Oleksandr Jr."]
[Result "0-1"]
[Termination "normal"]
[Board "3.4"]
[WhiteElo "1375"]
[BlackElo "1773"]
[WhiteClock "00:27:54"]
[BlackClock "01:07:41"]
[WhiteTeam "Stuttgarter SF 1879"]
[BlackTeam "SF Brackel 1930"]
[PlyCount "94"]
[WhiteFideId "34630171"]
[BlackFideId "14197596"]
[EventCountry "GER"]
[EventRounds "7"]
[EventType "team-swiss"]
[EventDate "2023.12.26"]

1. e4 {[%clk 01:30:57]} {[%emt 00:00:03]} d5 {[%clk 01:30:58]} {[%emt
00:00:04]} 2. exd5 {[%clk 01:31:22]} {[%emt 00:00:05]} Qxd5 {[%clk 01:31:26]}
3. Nc3 {[%clk 01:31:44]} {[%emt 00:00:08]} Qa5 {[%clk 01:31:53]} {[%emt
00:00:03]} 4. d4 {[%clk 01:31:55]} {[%emt 00:00:18]} Nf6 {[%clk 01:32:17]}
{[%emt 00:00:06]} 5. Nf3 {[%clk 01:30:12]} {[%emt 00:02:14]} c6 {[%clk
01:32:46]} 6. Bd3 {[%clk 01:28:56]} {[%emt 00:01:47]} Bf5 {[%clk 01:32:14]}
{[%emt 00:01:02]} 7. Ne5 {[%clk 01:27:57]} {[%emt 00:01:29]} Bxd3 {[%clk
01:31:49]} {[%emt 00:00:55]} 8. Qxd3 {[%clk 01:27:11]} {[%emt 00:01:16]} e6
{[%clk 01:32:11]} {[%emt 00:00:08]} 9. Bd2 {[%clk 01:26:34]} {[%emt 00:01:05]}
Qc7 {[%clk 01:31:58]} {[%emt 00:00:45]} 10. Ne4 {[%clk 01:22:57]} {[%emt
00:04:06]} Nbd7 {[%clk 01:31:54]} {[%emt 00:00:35]} 11. f4 {[%clk 01:21:35]}
{[%emt 00:01:52]} Nxe4 {[%clk 01:25:31]} {[%emt 00:06:53]} 12. Qxe4 {[%clk
01:20:02]} {[%emt 00:02:03]} f5 {[%clk 01:25:33]} {[%emt 00:00:29]} 13. Qe2
{[%clk 01:19:07]} {[%emt 00:01:24]} Nf6 {[%clk 01:25:45]} {[%emt 00:00:18]} 14.
O-O {[%clk 01:07:59]} {[%emt 00:11:38]} Bd6 {[%clk 01:22:45]} {[%emt 00:03:29]}
15. Nd3 {[%clk 01:03:39]} {[%emt 00:04:50]} Ne4 {[%clk 01:22:22]} {[%emt
00:00:54]} 16. Nf2 {[%clk 00:59:49]} {[%emt 00:04:19]} Nxd2 {[%clk 01:21:30]}
{[%emt 00:01:22]} 17. Qxd2 {[%clk 01:00:12]} {[%emt 00:00:07]} Bxf4 {[%clk
01:21:46]} {[%emt 00:00:14]} 18. Qe2 {[%clk 01:00:15]} {[%emt 00:00:28]} Bxh2+
{[%clk 01:21:01]} {[%emt 00:01:14]} 19. Kh1 {[%clk 01:00:34]} {[%emt 00:00:11]}
Kd7 {[%clk 01:21:17]} {[%emt 00:00:14]} 20. Nd3 {[%clk 00:48:05]} {[%emt
00:13:00]} Bd6 {[%clk 01:21:20]} {[%emt 00:00:26]} 21. c4 {[%clk 00:47:30]}
{[%emt 00:01:05]} h5 {[%clk 01:21:05]} {[%emt 00:00:46]} 22. c5 {[%clk
00:46:30]} {[%emt 00:01:30]} Bg3 {[%clk 01:21:19]} {[%emt 00:00:15]} 23. Rf3
{[%clk 00:43:56]} {[%emt 00:03:05]} h4 {[%clk 01:19:10]} {[%emt 00:02:39]} 24.
Nf2 {[%clk 00:43:40]} {[%emt 00:00:46]} g5 {[%clk 01:19:04]} {[%emt 00:00:35]}
25. Re1 {[%clk 00:42:30]} {[%emt 00:01:40]} Rae8 {[%clk 01:19:25]} {[%emt
00:00:09]} 26. Re3 {[%clk 00:41:39]} {[%emt 00:01:21]} Rh6 {[%clk 01:19:22]}
{[%emt 00:00:34]} 27. Rf3 {[%clk 00:39:37]} {[%emt 00:02:33]} Rf8 {[%clk
01:17:52]} {[%emt 00:01:59]} 28. Ng4 {[%clk 00:38:20]} {[%emt 00:01:46]} Bxe1
{[%clk 01:06:35]} {[%emt 00:11:47]} 29. Nxh6 {[%clk 00:38:31]} {[%emt
00:00:20]} Bg3 {[%clk 01:06:28]} {[%emt 00:00:37]} 30. Re3 {[%clk 00:36:42]}
{[%emt 00:02:18]} Rf6 {[%clk 01:06:21]} {[%emt 00:00:36]} 31. Ng8 {[%clk
00:36:32]} {[%emt 00:00:41]} Rg6 {[%clk 01:05:25]} {[%emt 00:01:27]} 32. Qh5
{[%clk 00:35:52]} {[%emt 00:01:10]} Qf4 {[%clk 01:04:06]} {[%emt 00:01:48]} 33.
Qh7+ {[%clk 00:29:21]} {[%emt 00:07:02]} Kc8 {[%clk 01:04:30]} {[%emt
00:00:05]} 34. Ne7+ {[%clk 00:28:22]} {[%emt 00:01:30]} Kd8 {[%clk 01:04:53]}
{[%emt 00:00:06]} 35. Qh8+ {[%clk 00:27:49]} {[%emt 00:01:03]} Kxe7 {[%clk
01:05:15]} {[%emt 00:00:09]} 36. Qh7+ {[%clk 00:28:13]} {[%emt 00:00:06]} Kf8
{[%clk 01:04:37]} {[%emt 00:01:05]} 37. Qh8+ {[%clk 00:28:16]} {[%emt
00:00:29]} Kf7 {[%clk 01:04:54]} {[%emt 00:00:14]} 38. Qh7+ {[%clk 00:28:18]}
{[%emt 00:00:28]} Rg7 {[%clk 01:05:15]} {[%emt 00:00:08]} 39. Qh5+ {[%clk
00:27:58]} {[%emt 00:00:50]} Ke7 {[%clk 01:05:38]} {[%emt 00:00:06]} 40. Qf3
{[%clk 00:27:26]} {[%emt 00:01:03]} Qxf3 {[%clk 01:06:01]} {[%emt 00:00:07]}
41. gxf3 {[%clk 00:27:01]} {[%emt 00:00:55]} g4 {[%clk 01:06:08]} {[%emt
00:00:23]} 42. fxg4 {[%clk 00:27:20]} {[%emt 00:00:11]} fxg4 {[%clk 01:06:29]}
{[%emt 00:00:09]} 43. b4 {[%clk 00:27:38]} {[%emt 00:00:12]} Bf2 {[%clk
01:06:45]} {[%emt 00:00:14]} 44. Re4 {[%clk 00:28:04]} {[%emt 00:00:04]} h3
{[%clk 01:07:06]} {[%emt 00:00:09]} 45. d5 {[%clk 00:27:47]} {[%emt 00:00:48]}
cxd5 {[%clk 01:07:24]} {[%emt 00:00:12]} 46. c6 {[%clk 00:27:42]} {[%emt
00:00:35]} dxe4 {[%clk 01:07:34]} {[%emt 00:00:20]} 47. c7 {[%clk 00:27:54]}
{[%emt 00:00:18]} g3 {[%clk 01:07:41]} {[%emt 00:00:22]} 0-1